| 000 | 00921nas a2200277 4500 | ||
|---|---|---|---|
| 001 | BR9503843 | ||
| 003 | BR-BrBNA | ||
| 005 | 20231205094058.0 | ||
| 007 | ta | ||
| 008 | 230509b bl.|||p| |||| 00| 00por d | ||
| 040 |
_aBR-BrBNA _bpor _cBiblioteca Nacional de Agricultura |
||
| 041 | _a(Pt) | ||
| 072 | _aQ03 | ||
| 100 | 1 | _aReis, R. | |
| 100 | 1 | _aFigueiredo, J.B. | |
| 100 | 1 | _aValente, L.P. | |
| 245 | 1 | _aEstudos sobre penicilina no leite. 2 - Pesquisa de penicilina no leite recebido pela cooperativa central dos produtores rurais de Belo Horizonte, Minas Gerais | |
| 650 | _aLeite | ||
| 650 | _aPenicilina | ||
| 650 | _aMicrobiologia de Alimento | ||
| 650 | _aBacteria | ||
| 650 | _aMinas Gerais | ||
| 773 | 0 |
_tArquivos da Escola de Veterinaria da Universidade Federal de Minas Gerais (Brazil) _x _g(1963), v. 15 p. 81-91 _wBR9503843 |
|
| 909 |
_a202311 _bLúcia _c55 _dLúcia Elande |
||
| 942 |
_2AGRIS _n0 _cANA |
||
| 999 |
_c141954 _d141954 |
||